| 000 | 00707nam a2200229 a 4500 | ||
|---|---|---|---|
| 999 |
_c10652 _d10652 |
||
| 001 | 10652 | ||
| 003 | BD-JhCC | ||
| 005 | 20180802125419.0 | ||
| 008 | 180802s20142013bg |||| |||| 000 0 ben d | ||
| 020 | _a9844583942 | ||
| 035 | _a(BD-JhCC)10652 | ||
| 040 |
_aBD-JhCC _dBD-JhCC |
||
| 041 | _aben | ||
| 082 |
_a891.4435 _bOSM 2014 |
||
| 100 | _aওসমান, শওকত | ||
| 245 |
_aগল্পসমগ্র / _cশওকত ওসমান |
||
| 260 |
_aঢাকা : _bসময় প্রকাশন, _c২০১৪. |
||
| 300 |
_a৭৩৬ পৃ. : _c২৪ সে.মি. |
||
| 650 | _aCollection Bengali Story | ||
| 942 |
_2ddc _cBK |
||